000
00260nam a2200109Ia 4500
008
240624s9999 xx 000 0 und d
041
_a
eng
082
_a
320 PHE
100
_a
PHELPS EDMUND S
245
_a
POLITICAL ECONOMY AN INTRODUCTORY TEXT
260
_c
1985
999
_c
21473
_d
21473